Los caminos del saber : (Registro nro. 10349)

Detalles MARC
000 -CABECERA
Longitud fija campo de control 01123nam a2200265 a 4500
003 - • IDENTIFICADOR DELl NÚMERO DE CONTROL
Identificador del número de control CO-ViMGA
005 - • FECHA Y HORA DE LA ÚLTIMA TRANSACCIÓN
Fecha y hora de la última transacción 20230915223755.0
008 - • CÓDIGOS DE INFORMACIÓN DE LONGITUD FIJA
Códigos de información de longitud fija 141112s2004 ck r 000 u spa d
020 ## - • NÚMERO INTERNACIONAL NORMALIZADO PARA LIBROS
Número Internacional Normalizado para Libros (ISBN) 9789582422783
040 ## - FUENTE DE LA CATALOGACIÓN
Centro catalogador de origen CO-ViMGA
Lengua de catalogación spa
Centro transcriptor CO-ViMGA
082 04 - • NÚMERO DE LA CLASIFICACIÓN DECIMAL DEWEY
Número de clasificación (R) 460.7 P35 7
245 10 - • TITULO PROPIAMENTE DICHO
Título Los caminos del saber :
Resto del título lenguaje 7 /
Mención de responsabilidad, etc. Camilo Hernán Pinzón Martínez ... [et al.] ; ilustradores Andrés Felipe Católico Moreno ... [et al.] ; fotógrafos Ana María Restrepo, Juan Giraldo, Marcela Salazar.
250 ## - • MENCIÓN DE EDICIÓN
Mención de edición Editor Sergio Peralta Hernández.
300 ## - • DESCRIPCIÓN FÍSICA
Extensión 288 p. : il., fot. ; 28 cm.
490 0# - • MENCIÓN DE SERIE
Mención de serie Los caminos del saber lenguaje
500 ## - • NOTA GENERAL
Nota general Texto para la enseñanza del área de formación de lenguaje para el grado séptimo de educación básica secundaria. Edición alumno.
504 ## - • NOTA DE BIBLIOGRAFÍA, ETC
Nota de bibliografía, etc. Incluye bibliografía e índice.
650 14 - • PUNTO DE ACCESO ADICIONAL DE MATERIA - TÉRMINO DE MATERIA
Término de materia o nombre geográfico como elemento inicial Español - Enseñanza secundaria.
700 1# - • PUNTO DE ACCESO ADICIONAL - NOMBRE DE PERSONA
Nombre de persona Pinzón Martínez, Camilo Hernán.
942 ## - ENTRADA DE ELEMENTOS AGREGADOS (KOHA)
Fuente de clasificaión o esquema Dewey Decimal Classification
Koha [por defecto] tipo de item LIbro
949 ## - TRATAMIENTO DE LA INFORMACIÓN LOCAL (OCLC)
a c n
Existencias
Perdido Fuente de clasificación o esquema Estado Físico No para préstamo Forma de adquisición Localización permanente Localización actual Fecha adquisición Serie de enumeración / cronolog&íacute;a Préstamos totales Signatura completa Código de barras Fecha última consulta Número de copia Fecha del precio de reemplazo Tipo de item de Koha
  Dewey Decimal Classification     Sala General Biblioteca Barrio Emporio - Villavicencio Biblioteca Barrio Emporio - Villavicencio 12/04/2015 24/nov/2014   460.7 P35 7 27598 12/04/2015 Ej. 2 12/04/2015 LIbro
  Dewey Decimal Classification     Sala General Biblioteca Barrio Porfia - Villavicencio Biblioteca Barrio Porfia - Villavicencio 12/04/2015 24/nov/2014   460.7 P35 7 27588 12/04/2015 Ej. 1 12/04/2015 LIbro
  Dewey Decimal Classification Damaged   Sala General Biblioteca Comunitaria - Villavicencio Biblioteca Comunitaria - Villavicencio 12/04/2015 26/nov/2014   460.7 P35 7 27659 12/04/2015 Ej. 4 12/04/2015 LIbro









Instituto Departamental de Cultura del Meta - Red Departamental de Bibliotecas Públicas del Meta.